[Event "34th European Club Cup 2018"]
[Site "Halkidiki"]
[Date "2018.10.12"]
[Round "1"]
[White "Gunnarsson, Arnar"]
[Black "Wambach, Patrick"]
[Result "1-0"]
[WhiteElo "2428"]
[BlackElo "1958"]
[Annotator "TA"]
[PlyCount "101"]
[EventDate "2018.10.12"]
[EventType "team-tourn"]
[EventCountry "GRE"]
[SourceTitle "playchess.com"]
[Source "ChessBase"]
[SourceQuality "1"]
[WhiteTeam "Reykjavik"]
[BlackTeam "Echternach"]

1. Nf3 Nf6 2. c4 c5 3. g3 g6 4. Bg2 Bg7 5. O-O O-O 6. d3 Nc6 7. Nc3 d6 8. Bd2 Rb8 9. Qc1 a6 10. Bh6 b5 11. b3 b4 12. Bxg7 Kxg7 13. Na4 Bg4 14. Qb2 Qc8 15. e3 Bxf3 16. Bxf3 Ne5 17. Be2 Qh3 18. f3 Kg8 19. d4 cxd4 20. exd4 Nc6 21. f4 Ng4 22. Bf3 Rfc8 23. d5 Na5 24. Qe2 h5 25. Bxg4 hxg4 26. f5 Re8 27. fxg6 fxg6 28. Qe6+ Kh8 29. Rf7 Qh6 30. Raf1 Rf8 31. Qxe7 Rxf7 32. Rxf7 Qc1+ 33. Rf1 Qd2 34. Rf2 Qd1+ 35. Kg2 Qd4 36. Qe2 Kh7 37. Rf4 Qg7 38. Rxg4 Rf8 39. Rh4+ Kg8 40. Qe6+ Qf7 41. Re4 Kg7 42. Qxf7+ Rxf7 43. Re6 Nb7 44. Nb2 Nc5 45. Re3 a5 46. Nd3 Nb7 47. h4 Nd8 48. Nf4 Kh6 49. Re8 Nb7 50. Ne6 Rh7 51. g4 1-0

[Event "34th European Club Cup 2018"]
[Site "Halkidiki"]
[Date "2018.10.12"]
[Round "1"]
[White "Kjartansson, Gudmundur"]
[Black "Noe, Christopher"]
[Result "1/2-1/2"]
[WhiteElo "2428"]
[BlackElo "2530"]
[Annotator "TA"]
[PlyCount "97"]
[EventDate "2018.10.12"]
[EventType "team-tourn"]
[EventCountry "GRE"]
[SourceTitle "playchess.com"]
[Source "ChessBase"]
[SourceQuality "1"]
[WhiteTeam "Reykjavik"]
[BlackTeam "Echternach"]

1. Nf3 Nf6 2. g3 d5 3. Bg2 e6 4. O-O Be7 5. c4 O-O 6. b3 d4 7. e3 c5 8. exd4 cxd4 9. d3 Nc6 10. Re1 Bd6 11. Ba3 a5 12. Bxd6 Qxd6 13. Qc1 a4 14. Na3 Rd8 15. Nb5 Qc5 16. a3 axb3 17. Qf4 Bd7 18. Rab1 Na5 19. Re5 Qf8 20. Nfxd4 Nc6 21. Nxc6 bxc6 22. Nd4 Qxa3 23. Rxb3 Qa1+ 24. Bf1 Be8 25. Nf3 Qd1 26. Rc3 Ra1 27. Re1 Qa4 28. Rxa1 Qxa1 29. Rc1 Qa3 30. Rb1 h6 31. Rb8 Qa5 32. Rxd8 Qxd8 33. d4 c5 34. dxc5 Qc8 35. Qd4 Nd7 36. Ne5 Qxc5 37. Qxc5 Nxc5 38. f4 Kf8 39. Kf2 Ke7 40. Ke3 Kd6 41. Kd4 f6 42. Nd3 Bg6 43. Nxc5 e5+ 44. fxe5+ fxe5+ 45. Ke3 Kxc5 46. Bd3 Bf7 47. Ke4 Bg6+ 48. Ke3 Bf7 49. Ke4 1/2-1/2

[Event "34th European Club Cup 2018"]
[Site "Halkidiki"]
[Date "2018.10.12"]
[Round "1"]
[White "Hansen, Torbjorn Ringdal"]
[Black "Longson, Alexander"]
[Result "1-0"]
[WhiteElo "2423"]
[BlackElo "2329"]
[Annotator "TA"]
[PlyCount "121"]
[EventDate "2018.10.12"]
[EventType "team-tourn"]
[EventCountry "GRE"]
[SourceTitle "playchess.com"]
[Source "ChessBase"]
[SourceQuality "1"]
[WhiteTeam "SK Oslo"]
[BlackTeam "Oldham"]

1. e4 e5 2. Nf3 Nc6 3. Bb5 a6 4. Ba4 Nf6 5. O-O Be7 6. Re1 b5 7. Bb3 d6 8. c3 O-O 9. h3 Na5 10. Bc2 c5 11. d4 Bb7 12. d5 Nc4 13. b3 Nb6 14. a4 Bc8 15. Nbd2 g6 16. Bd3 Bd7 17. a5 Nc8 18. Nf1 Nh5 19. Bh6 Re8 20. Qd2 Bf6 21. N1h2 Bg7 22. Ng4 Qe7 23. Bxg7 Kxg7 24. g3 Kh8 25. Kh2 Qf8 26. b4 c4 27. Bc2 Qg7 28. Nh4 Ne7 29. Rg1 f5 30. exf5 gxf5 31. Ne3 Qf6 32. Raf1 Rg8 33. Bd1 Nf4 34. gxf4 Qxh4 35. Ng2 Qh6 36. Bf3 Ng6 37. Rd1 Raf8 38. fxe5 Qxd2 39. Rxd2 dxe5 40. Bh5 e4 41. Bxg6 hxg6 42. Nf4 Rf6 43. h4 Rd6 44. Rg3 Be8 45. f3 exf3 46. Rxf3 Kg7 47. Ne6+ Kf6 48. Nc5 Kf7 49. Kg3 Rh8 50. Re3 f4+ 51. Kxf4 Rxh4+ 52. Kg3 Rh5 53. Rf2+ Rf5 54. Rxf5+ gxf5 55. Re5 Bd7 56. Nxd7 Rxd7 57. Kf4 Rd8 58. Kxf5 Rh8 59. d6 Rh1 60. Re7+ Kf8 61. Ra7 1-0

[Event "34th European Club Cup 2018"]
[Site "Halkidiki"]
[Date "2018.10.12"]
[Round "1"]
[White "Thorfinnsson, Bjorn"]
[Black "Donchenko, Alexander"]
[Result "1-0"]
[WhiteElo "2414"]
[BlackElo "2610"]
[Annotator "TA"]
[PlyCount "210"]
[EventDate "2018.10.12"]
[EventType "team-tourn"]
[EventCountry "GRE"]
[SourceTitle "playchess.com"]
[Source "ChessBase"]
[SourceQuality "1"]
[WhiteTeam "Viking CC"]
[BlackTeam "Aachen"]

1. c4 c5 2. g3 Nc6 3. Bg2 g6 4. Nf3 Bg7 5. O-O Nh6 6. Nc3 Nf5 7. b3 e6 8. Bb2 d5 9. Na4 Bxb2 10. Nxb2 O-O 11. cxd5 exd5 12. Rc1 Qf6 13. d4 cxd4 14. Qd2 Nd6 15. Na4 Re8 16. Rfd1 Ne4 17. Qf4 Qg7 18. Ng5 Nxg5 19. Qxg5 Rxe2 20. Qxd5 Qf6 21. Qf3 Qxf3 22. Bxf3 Rxa2 23. Nc5 Ne5 24. Bxb7 Bxb7 25. Nxb7 d3 26. Rc5 Ng4 27. Rxd3 Nxf2 28. Rdc3 Ne4 29. Rc8+ Rxc8 30. Rxc8+ Kg7 31. Rc7 Ng5 32. h4 Nf3+ 33. Kf1 Kf6 34. b4 Kf5 35. Rxf7+ Kg4 36. Nc5 Nd2+ 37. Ke2 Kxg3 38. Rxh7 Nf3+ 39. Ke3 Ra3+ 40. Ke2 Ra2+ 41. Ke3 Ra3+ 42. Ke2 Kg4 43. Kd1 Nxh4 44. Kc2 g5 45. Kb2 Re3 46. Rxa7 Nf5 47. b5 Re5 48. Ra4+ Kh5 49. Ne4 Rxb5+ 50. Kc3 Rb1 51. Ra5 Rf1 52. Kd3 Kh4 53. Nxg5 Kxg5 54. Ra8 Kf4 55. Rf8 Rd1+ 56. Kc4 Rd7 57. Kc3 Ke4 58. Re8+ Ne7 59. Kc4 Rc7+ 60. Kb3 Kd4 61. Rd8+ Nd5 62. Kb2 Rc5 63. Rd7 Kd3 64. Rd8 Ra5 65. Rb8 Rc5 66. Rd8 Kc4 67. Rh8 Ne3 68. Rh4+ Kd3 69. Rh3 Rb5+ 70. Ka3 Rb8 71. Ka4 Kc4 72. Rh4+ Kc5 73. Rh5+ Nd5 74. Ka3 Rb1 75. Rg5 Kc4 76. Rg4+ Kd3 77. Rg3+ Ne3 78. Rh3 Kd4 79. Ka4 Nf5 80. Rh8 Nd6 81. Rh4+ Ne4 82. Ka5 Rb2 83. Ka6 Rb8 84. Ka5 Kc5 85. Rh5+ Kc4 86. Rh4 Re8 87. Rh1 Re6 88. Rh4 Re8 89. Rh1 Re5+ 90. Kb6 Nc3 91. Rh6 Nb5 92. Rc6+ Kb4 93. Rh6 Nd4 94. Rh4 Re6+ 95. Kc7 Kc4 96. Kd7 Rf6 97. Rh1 Kd5 98. Rd1 Rf7+ 99. Ke8 Ra7 100. Kf8 Ke5 101. Re1+ Kf6 102. Rf1+ Nf5 103. Ke8 Rf7 104. Rxf5+ Kxf5 105. Kxf7 Ke5 1-0

[Event "34th European Club Cup 2018"]
[Site "Halkidiki"]
[Date "2018.10.12"]
[Round "1"]
[White "Jepson, Christian"]
[Black "Werle, Jan"]
[Result "0-1"]
[WhiteElo "2413"]
[BlackElo "2527"]
[Annotator "TA"]
[PlyCount "70"]
[EventDate "2018.10.12"]
[EventType "team-tourn"]
[EventCountry "GRE"]
[SourceTitle "playchess.com"]
[Source "ChessBase"]
[SourceQuality "1"]
[WhiteTeam "Nordkalotten"]
[BlackTeam "Bremen"]

1. d4 Nf6 2. c4 e6 3. Nc3 Bb4 4. e3 O-O 5. Bd3 d5 6. Nf3 c5 7. O-O cxd4 8. exd4 dxc4 9. Bxc4 b6 10. Bg5 Bb7 11. Re1 Nc6 12. Rc1 Rc8 13. Bd3 h6 14. Bh4 Be7 15. Bb1 Nh5 16. Bg3 Nxg3 17. hxg3 Bf6 18. Ne4 Bxd4 19. Rxc6 Bxf2+ 20. Nxf2 Qxd1 21. Nxd1 Bxc6 22. Nc3 Rfd8 23. Kf2 b5 24. a3 a5 25. Be4 Be8 26. g4 g6 27. Re2 Kg7 28. Kg3 Rc7 29. Bc2 b4 30. axb4 axb4 31. Ne4 Bb5 32. Rf2 f5 33. gxf5 exf5 34. Nh4 fxe4 35. Bxe4 Bd3 0-1

[Event "34th European Club Cup 2018"]
[Site "Halkidiki"]
[Date "2018.10.12"]
[Round "1"]
[White "Mutschnik, Illya"]
[Black "Hamiti, Gani"]
[Result "0-1"]
[WhiteElo "2411"]
[BlackElo "2149"]
[Annotator "TA"]
[PlyCount "80"]
[EventDate "2018.10.12"]
[EventType "team-tourn"]
[EventCountry "GRE"]
[SourceTitle "playchess.com"]
[Source "ChessBase"]
[SourceQuality "1"]
[WhiteTeam "Zurich"]
[BlackTeam "Dardania"]

1. e4 e5 2. Nf3 Nc6 3. Bb5 a6 4. Bxc6 dxc6 5. O-O Bg4 6. h3 Bh5 7. g4 Bg6 8. Nxe5 Bd6 9. Nxg6 hxg6 10. Qf3 Qh4 11. Kg2 O-O-O 12. d4 f6 13. Nd2 Ne7 14. Nc4 g5 15. c3 Bf4 16. Bxf4 gxf4 17. Rh1 Ng6 18. Qe2 Qg5 19. f3 Nh4+ 20. Kf1 Rhe8 21. Qf2 Qb5 22. b3 g5 23. Rb1 a5 24. a4 Qa6 25. Qe2 c5 26. Rd1 cxd4 27. cxd4 f5 28. e5 Qc6 29. Kf2 Qd5 30. Rd3 Kb8 31. Re1 Rh8 32. Qd2 fxg4 33. Qxa5 Qxa5 34. Nxa5 Nxf3 35. hxg4 Nxe1 36. Kxe1 Rh1+ 37. Kd2 Rg1 38. d5 Rg2+ 39. Kc3 Rg3 40. Nc4 Rxd5 0-1

[Event "34th European Club Cup 2018"]
[Site "Halkidiki"]
[Date "2018.10.12"]
[Round "1"]
[White "Seyb, Alexander"]
[Black "Mcgowan, Daniel"]
[Result "1-0"]
[WhiteElo "2411"]
[BlackElo "2157"]
[Annotator "TA"]
[PlyCount "145"]
[EventDate "2018.10.12"]
[EventType "team-tourn"]
[EventCountry "GRE"]
[SourceTitle "playchess.com"]
[Source "ChessBase"]
[SourceQuality "1"]
[WhiteTeam "Berlin"]
[BlackTeam "Grantham"]

1. e4 e6 2. d4 d5 3. Nc3 Nf6 4. e5 Nfd7 5. f4 c5 6. Nf3 Nc6 7. Be3 a6 8. Qd2 b5 9. Bd3 Qb6 10. Qf2 cxd4 11. Nxd4 Nxd4 12. Bxd4 Bc5 13. Ne2 Bxd4 14. Qxd4 Qxd4 15. Nxd4 Bb7 16. Kd2 O-O 17. c3 Nb6 18. b3 Rac8 19. g4 Nd7 20. g5 Rc7 21. Rhc1 Rfc8 22. a4 bxa4 23. Rxa4 Nc5 24. Ra2 Kf8 25. h4 Ke7 26. Ke3 Nd7 27. Ne2 Nb8 28. Kd2 Rh8 29. Nd4 Nc6 30. b4 Rhc8 31. Rcc2 g6 32. Nb3 d4 33. Nxd4 Rd8 34. Nxc6+ Bxc6 35. Ke3 Bd5 36. Rxa6 Bb3 37. Rd2 Rxc3 38. Ra3 Rd5 39. b5 Rxb5 40. Kd4 Rxd3+ 41. Kxd3 Bd5 42. Rc2 Rb4 43. Rc8 Kd7 44. Rh8 Rxf4 45. Ra7+ Kc6 46. Rxh7 Be4+ 47. Ke3 Rg4 48. Rhxf7 Rxh4 49. Rf4 Rxf4 50. Kxf4 Bf5 51. Ra1 Kd5 52. Rc1 Kd4 53. Rd1+ Bd3 54. Rd2 Kc4 55. Ke3 Bf5 56. Rd6 Kc5 57. Rd4 Bb1 58. Rd8 Bf5 59. Kd2 Kc4 60. Rd6 Bg4 61. Kc2 Bf5+ 62. Kb2 Kb4 63. Rd4+ Kc5 64. Kc3 Bb1 65. Ra4 Kd5 66. Ra5+ Kc6 67. Kc4 Bf5 68. Ra6+ Kb7 69. Rd6 Kc7 70. Kc5 Bg4 71. Ra6 Kb7 72. Ra3 Bf5 73. Kd6 1-0

[Event "34th European Club Cup 2018"]
[Site "Halkidiki"]
[Date "2018.10.12"]
[Round "1"]
[White "Meins, Gerlef"]
[Black "Noer, Martin Stampe"]
[Result "1-0"]
[WhiteElo "2408"]
[BlackElo "1863"]
[Annotator "TA"]
[PlyCount "93"]
[EventDate "2018.10.12"]
[EventType "team-tourn"]
[EventCountry "GRE"]
[SourceTitle "playchess.com"]
[Source "ChessBase"]
[SourceQuality "1"]
[WhiteTeam "Bremen"]
[BlackTeam "Nordkalotten"]

1. Nf3 d5 2. g3 Nf6 3. Bg2 c5 4. O-O Nc6 5. d4 e6 6. c4 cxd4 7. Nxd4 Bc5 8. Nb3 Bb6 9. cxd5 Nxd5 10. Na3 O-O 11. Nc4 Bc7 12. Ne3 Nxe3 13. Bxe3 e5 14. Rc1 Qf6 15. Nc5 Rd8 16. Qa4 Rb8 17. Nxb7 Bxb7 18. Bxc6 Bb6 19. Bxb6 axb6 20. Bxb7 Rxb7 21. Rfd1 Rxd1+ 22. Rxd1 Rb8 23. Qd7 h5 24. Qd6 Qxd6 25. Rxd6 Kf8 26. Rd5 f6 27. Rb5 Ke7 28. a4 Ra8 29. b3 Ra6 30. f4 exf4 31. gxf4 g6 32. e4 Kd6 33. h4 Kc6 34. f5 Ra8 35. fxg6 Rg8 36. Kf2 Rxg6 37. Rxh5 Rg4 38. Kf3 Rg6 39. Rf5 Kd6 40. h5 Rh6 41. Kf4 Kd7 42. e5 fxe5+ 43. Rxe5 Rf6+ 44. Kg5 Rf3 45. h6 Rxb3 46. h7 Rh3 47. Kg6 1-0

[Event "34th European Club Cup 2018"]
[Site "Halkidiki"]
[Date "2018.10.12"]
[Round "1"]
[White "Kazakovskiy, Valeriy"]
[Black "Yin, Stanley"]
[Result "1-0"]
[WhiteElo "2405"]
[BlackElo "1979"]
[Annotator "TA"]
[PlyCount "51"]
[EventDate "2018.10.12"]
[EventType "team-tourn"]
[EventCountry "GRE"]
[SourceTitle "playchess.com"]
[Source "ChessBase"]
[SourceQuality "1"]
[WhiteTeam "Overtime"]
[BlackTeam "Dublin"]

1. d4 d5 2. c4 dxc4 3. Qa4+ c6 4. Qxc4 Nf6 5. Nf3 g6 6. Nc3 Bg7 7. e4 O-O 8. h3 b6 9. Qb3 Be6 10. Qc2 h6 11. Be2 Nh7 12. O-O Qd6 13. Rd1 Rc8 14. Be3 Nd7 15. Rac1 a6 16. Qd2 g5 17. Bd3 f6 18. d5 cxd5 19. exd5 Bf7 20. Nd4 Nc5 21. Nf5 Qd7 22. Bb1 b5 23. d6 exd6 24. Nxd6 Rc7 25. Nxf7 Qxf7 26. Nd5 1-0

[Event "34th European Club Cup 2018"]
[Site "Halkidiki"]
[Date "2018.10.12"]
[Round "1"]
[White "Wegerle, Joerg"]
[Black "Arnott, Jonathan W"]
[Result "1-0"]
[WhiteElo "2405"]
[BlackElo "2116"]
[Annotator "NA"]
[PlyCount "69"]
[EventDate "2018.10.12"]
[EventType "team-tourn"]
[EventCountry "GRE"]
[SourceTitle "playchess.com"]
[Source "ChessBase"]
[SourceQuality "1"]
[WhiteTeam "Solingen"]
[BlackTeam "White Rose"]

1. c4 Nf6 2. Nf3 c6 3. b3 d5 4. Bb2 g6 5. g3 Bg7 6. Bg2 O-O 7. O-O Na6 8. d3 dxc4 9. bxc4 Qa5 10. Qd2 Qh5 11. Qg5 Bh3 12. Qxh5 Nxh5 13. Nc3 Bxg2 14. Kxg2 b5 15. cxb5 cxb5 16. Rab1 Rab8 17. Nd5 Rb7 18. Ba3 Re8 19. Rfc1 e6 20. Ne7+ Kh8 21. Nc8 Bf8 22. Bxf8 Rxf8 23. Nd6 Rb6 24. Nxb5 Rfb8 25. a4 Kg7 26. Ne5 R8b7 27. Nc4 Rc6 28. Ncd6 Rxc1 29. Rxc1 Rd7 30. Nc8 Nf6 31. Ncxa7 Nd5 32. d4 Ndb4 33. Nc6 Nd5 34. e4 Nb6 35. Ne5 1-0

[Event "34th European Club Cup 2018"]
[Site "Halkidiki"]
[Date "2018.10.12"]
[Round "1"]
[White "Braun, Christian"]
[Black "Millward, Kevin P"]
[Result "1-0"]
[WhiteElo "2396"]
[BlackElo "2023"]
[Annotator "NA"]
[PlyCount "91"]
[EventDate "2018.10.12"]
[EventType "team-tourn"]
[EventCountry "GRE"]
[SourceTitle "playchess.com"]
[Source "ChessBase"]
[SourceQuality "1"]
[WhiteTeam "Aachen"]
[BlackTeam "Viking CC"]

1. e4 d6 2. d4 g6 3. Nc3 Bg7 4. f4 a6 5. Nf3 b5 6. Bd3 Nd7 7. a4 b4 8. Ne2 c5 9. c3 bxc3 10. bxc3 Ngf6 11. O-O Bb7 12. e5 Ng4 13. Ng5 Qc8 14. Ng3 Nh6 15. f5 dxe5 16. Rb1 O-O 17. fxg6 hxg6 18. Bxg6 fxg6 19. Qb3+ c4 20. Qxb7 Rxf1+ 21. Nxf1 exd4 22. Qd5+ Kh8 23. cxd4 Nf6 24. Qe5 Nfg4 25. Qxe7 Qf5 26. Rb2 Rf8 27. Nf3 Bxd4+ 28. Kh1 c3 29. Re2 Qf6 30. Qe4 Nf2+ 31. Rxf2 Bxf2 32. Bxh6 Rg8 33. Bf4 Qf5 34. Be5+ Kh7 35. Qb7+ Kh6 36. Bxc3 Qd3 37. Bd2+ g5 38. Ng3 Bxg3 39. hxg3 Rg6 40. Qf7 Qe4 41. Nxg5 Qb1+ 42. Kh2 Rxg5 43. Qf6+ Kh7 44. Bxg5 Kg8 45. Bh6 Qb7 46. Qg7+ 1-0

[Event "34th European Club Cup 2018"]
[Site "Halkidiki"]
[Date "2018.10.12"]
[Round "1"]
[White "Roberson, Peter T"]
[Black "Abel, Dennes"]
[Result "1/2-1/2"]
[WhiteElo "2396"]
[BlackElo "2476"]
[Annotator "TA"]
[PlyCount "82"]
[EventDate "2018.10.12"]
[EventType "team-tourn"]
[EventCountry "GRE"]
[SourceTitle "playchess.com"]
[Source "ChessBase"]
[SourceQuality "1"]
[WhiteTeam "Grantham"]
[BlackTeam "Berlin"]

1. e4 c5 2. Nf3 d6 3. c3 Nf6 4. Be2 Bd7 5. e5 dxe5 6. Nxe5 Nc6 7. Nxd7 Qxd7 8. O-O e6 9. d3 Be7 10. Nd2 O-O 11. a4 Rfd8 12. Nc4 Nd5 13. Re1 Qc7 14. Qc2 Rd7 15. Bf1 Rad8 16. g3 Bf6 17. Bd2 b6 18. Bg2 Ne5 19. Nxe5 Bxe5 20. Rad1 Bf6 21. h4 h5 22. Bc1 g6 23. Qb3 Kg7 24. Qc4 Ne7 25. Bf4 Qc8 26. a5 Nd5 27. axb6 axb6 28. Bg5 Bxg5 29. hxg5 Ne7 30. Be4 Nf5 31. Bxf5 gxf5 32. Qf4 Qb8 33. Qxb8 Rxb8 34. f4 h4 35. gxh4 Rh8 36. Kg2 Rxh4 37. Kg3 Rh8 38. Re3 Rdd8 39. d4 cxd4 40. Rxd4 Rxd4 41. cxd4 Rd8 1/2-1/2

[Event "34th European Club Cup 2018"]
[Site "Halkidiki"]
[Date "2018.10.12"]
[Round "1"]
[White "Bosman, Michiel"]
[Black "Pelantakis, Mihail"]
[Result "1-0"]
[WhiteElo "2390"]
[BlackElo "1782"]
[Annotator "NA"]
[PlyCount "63"]
[EventDate "2018.10.12"]
[EventType "team-tourn"]
[EventCountry "GRE"]
[SourceTitle "playchess.com"]
[Source "ChessBase"]
[SourceQuality "1"]
[WhiteTeam "Leiden"]
[BlackTeam "Chania CC"]

1. Nf3 Nf6 2. c4 e6 3. g3 d5 4. d4 Be7 5. Bg2 O-O 6. Qb3 b6 7. cxd5 exd5 8. Nc3 Bb7 9. O-O Na6 10. Bg5 c5 11. Rad1 cxd4 12. Nxd4 Nc5 13. Qc2 h6 14. Bxf6 Bxf6 15. Nxd5 Bxd5 16. Nf5 Bxg2 17. Rxd8 Be4 18. Rxf8+ Rxf8 19. Nxh6+ gxh6 20. Qc1 Kg7 21. b3 Re8 22. Rd1 Ba8 23. Qc4 Re4 24. Qc2 Re8 25. f3 Ne6 26. Qc4 h5 27. Rd7 a6 28. a4 b5 29. axb5 axb5 30. Qxb5 Nd4 31. Qxh5 Nxe2+ 32. Kf1 1-0

[Event "34th European Club Cup 2018"]
[Site "Halkidiki"]
[Date "2018.10.12"]
[Round "1"]
[White "Borge, Nikolaj"]
[Black "Georgiadis, Nico"]
[Result "0-1"]
[WhiteElo "2385"]
[BlackElo "2526"]
[Annotator "TA"]
[PlyCount "42"]
[EventDate "2018.10.12"]
[EventType "team-tourn"]
[EventCountry "GRE"]
[SourceTitle "playchess.com"]
[Source "ChessBase"]
[SourceQuality "1"]
[WhiteTeam "Hillerod"]
[BlackTeam "Winterthur"]

1. e4 c5 2. Nf3 d6 3. d4 cxd4 4. Nxd4 Nf6 5. Nc3 a6 6. h3 g6 7. Be3 Bg7 8. Qd2 O-O 9. O-O-O b5 10. g4 Bb7 11. Bg2 Nbd7 12. Bh6 Bxh6 13. Qxh6 e5 14. Nf3 b4 15. Ne2 Bxe4 16. Ng5 Bxg2 17. Ng3 Qb6 18. Rxd6 Qxd6 19. Rg1 Rfc8 20. Nf5 gxf5 21. Ne4 Nxe4 0-1

[Event "34th European Club Cup 2018"]
[Site "Halkidiki"]
[Date "2018.10.12"]
[Round "1"]
[White "Ballmann, Martin"]
[Black "Nordenbaek, Jan"]
[Result "1/2-1/2"]
[WhiteElo "2381"]
[BlackElo "2173"]
[Annotator "NA"]
[PlyCount "64"]
[EventDate "2018.10.12"]
[EventType "team-tourn"]
[EventCountry "GRE"]
[SourceTitle "playchess.com"]
[Source "ChessBase"]
[SourceQuality "1"]
[WhiteTeam "Winterthur"]
[BlackTeam "Hillerod"]

1. Nf3 d5 2. b3 Nf6 3. Bb2 Bf5 4. e3 e6 5. Be2 h6 6. O-O Nbd7 7. c4 Be7 8. Nc3 O-O 9. Rc1 c6 10. Re1 Re8 11. d3 Bf8 12. Bf1 Bh7 13. Rc2 a5 14. cxd5 exd5 15. Qd2 Nc5 16. Na4 Nxa4 17. bxa4 Nd7 18. Rb1 c5 19. Ba3 b6 20. Rcb2 Rc8 21. Rc1 Nf6 22. h3 Bf5 23. Be2 Bd7 24. Bd1 Bd6 25. Rbb1 Bc7 26. Bb2 Qe7 27. Bb3 Bc6 28. Re1 Qd6 29. Rbd1 Rcd8 30. Qc1 d4 31. e4 Nxe4 32. dxe4 Bxe4 1/2-1/2

[Event "34th European Club Cup 2018"]
[Site "Halkidiki"]
[Date "2018.10.12"]
[Round "1"]
[White "Lindberg, Bo"]
[Black "Papadiamandis, Elliot"]
[Result "1-0"]
[WhiteElo "2379"]
[BlackElo "2149"]
[Annotator "NA"]
[PlyCount "105"]
[EventDate "2018.10.12"]
[EventType "team-tourn"]
[EventCountry "GRE"]
[SourceTitle "playchess.com"]
[Source "ChessBase"]
[SourceQuality "1"]
[WhiteTeam "Team Viking"]
[BlackTeam "Bois-Colombes"]

1. d4 Nf6 2. Bg5 Ne4 3. Bf4 c5 4. f3 Qa5+ 5. c3 Nf6 6. d5 Qb6 7. Bc1 e6 8. c4 Be7 9. e4 exd5 10. cxd5 d6 11. Ne2 Qc7 12. Nec3 a6 13. a4 b6 14. Be2 Nbd7 15. b3 Rb8 16. O-O O-O 17. Kh1 Re8 18. Na3 Bf8 19. Bb2 g6 20. Qd2 Bg7 21. g4 h6 22. h4 Qd8 23. Rf2 Nh7 24. Rh2 Qf6 25. Nd1 Qe7 26. Ne3 Bxb2 27. Qxb2 Qf6 28. Qxf6 Ndxf6 29. Bf1 Nf8 30. Rd2 Rd8 31. Rb1 Ra8 32. Kg2 Ne8 33. b4 Bd7 34. bxc5 bxc5 35. a5 Rdb8 36. Rdb2 Rxb2+ 37. Rxb2 Nc7 38. Rb7 Nb5 39. Nxb5 axb5 40. Bxb5 Bc8 41. Rc7 Rxa5 42. Rxc8 Rxb5 43. Nc4 h5 44. g5 Rb4 45. Nxd6 Rb2+ 46. Kg3 Rc2 47. Ne8 c4 48. d6 Rd2 49. d7 Rxd7 50. Nf6+ Kg7 51. Rxf8 Kxf8 52. Nxd7+ Ke7 53. Nb6 1-0

[Event "34th European Club Cup 2018"]
[Site "Halkidiki"]
[Date "2018.10.12"]
[Round "1"]
[White "Bates, Richard A"]
[Black "Vitiugov, Nikita"]
[Result "0-1"]
[WhiteElo "2374"]
[BlackElo "2709"]
[Annotator "TA"]
[PlyCount "66"]
[EventDate "2018.10.12"]
[EventType "team-tourn"]
[EventCountry "GRE"]
[SourceTitle "playchess.com"]
[Source "ChessBase"]
[SourceQuality "1"]
[WhiteTeam "Blackthorne"]
[BlackTeam "St.Petersburg"]

1. d4 Nf6 2. Nf3 e6 3. c4 a6 4. Nc3 d5 5. cxd5 exd5 6. Bg5 Be6 7. e3 Nbd7 8. Be2 Bd6 9. Qc2 O-O 10. O-O Re8 11. Bh4 c6 12. Ng5 Nf8 13. Nxe6 Rxe6 14. Qf5 Qc7 15. Bg3 Bxg3 16. hxg3 Rae8 17. Rac1 Qe7 18. Bd3 g6 19. Qf4 h5 20. Qh4 Kg7 21. Ne2 Qb4 22. Nf4 R6e7 23. Rc2 N8h7 24. a3 Qd6 25. b4 Rh8 26. Rfc1 Ng4 27. Bxa6 bxa6 28. Rxc6 Qd7 29. Nxd5 Re4 30. Nf4 Rhe8 31. Nxg6 Qxd4 32. Nf4 Rxe3 33. Nxh5+ Kf8 0-1

[Event "34th European Club Cup 2018"]
[Site "Halkidiki"]
[Date "2018.10.12"]
[Round "1"]
[White "Vogt, Lothar"]
[Black "Uruci, Endrit"]
[Result "1-0"]
[WhiteElo "2368"]
[BlackElo "2177"]
[Annotator "NA"]
[PlyCount "103"]
[EventDate "2018.10.12"]
[EventType "team-tourn"]
[EventCountry "GRE"]
[SourceTitle "playchess.com"]
[Source "ChessBase"]
[SourceQuality "1"]
[WhiteTeam "Zurich"]
[BlackTeam "Dardania"]

1. e4 e5 2. Nf3 Nf6 3. d4 Nxe4 4. Bd3 d5 5. Nxe5 Bd6 6. O-O O-O 7. c4 c6 8. cxd5 cxd5 9. Nc3 Nxc3 10. bxc3 Nc6 11. Re1 Nxe5 12. dxe5 Bc5 13. Rb1 b6 14. Be3 Be6 15. Bd4 Rc8 16. Qd2 Qd7 17. h3 Bf5 18. Bxf5 Qxf5 19. Rb5 Qd7 20. Bxc5 Rxc5 21. Rxc5 bxc5 22. Rb1 g6 23. Qd3 Re8 24. f4 Qa4 25. Qb5 Qxb5 26. Rxb5 Rc8 27. Kf2 d4 28. Ke2 dxc3 29. Kd3 Rc6 30. Ra5 Rc7 31. Kxc3 Kf8 32. Kc4 Ke7 33. Rxc5 Rb7 34. Ra5 h5 35. g4 hxg4 36. hxg4 Kd7 37. Kd5 Rc7 38. a4 Kd8 39. Ra6 Rb7 40. f5 gxf5 41. gxf5 Kd7 42. Rd6+ Ke8 43. f6 Rb1 44. Kc6 Rc1+ 45. Kb5 Rc2 46. a5 Rc1 47. Rc6 Rb1+ 48. Ka6 Kd7 49. Rc5 Ke6 50. Kxa7 Rb2 51. Ka6 Kd7 52. Rb5 1-0

[Event "34th European Club Cup 2018"]
[Site "Halkidiki"]
[Date "2018.10.12"]
[Round "1"]
[White "Ashton, Adam G"]
[Black "Elsness, Frode"]
[Result "1/2-1/2"]
[WhiteElo "2359"]
[BlackElo "2450"]
[Annotator "TA"]
[PlyCount "76"]
[EventDate "2018.10.12"]
[EventType "team-tourn"]
[EventCountry "GRE"]
[SourceTitle "playchess.com"]
[Source "ChessBase"]
[SourceQuality "1"]
[WhiteTeam "Oldham"]
[BlackTeam "SK Oslo"]

1. e4 c6 2. Nf3 d5 3. Nc3 Nf6 4. e5 Ne4 5. d4 Nxc3 6. bxc3 c5 7. Be2 Nc6 8. O-O Bg4 9. h3 Bxf3 10. Bxf3 e6 11. Rb1 Qd7 12. c4 dxc4 13. d5 Nxe5 14. Bf4 Nxf3+ 15. Qxf3 exd5 16. Rfe1+ Be7 17. Qg4 b6 18. Qxg7 O-O-O 19. a4 Rhg8 20. Qxh7 Bf6 21. Qh5 Bc3 22. Re3 Bd4 23. Rg3 Rxg3 24. Bxg3 Re8 25. a5 b5 26. Kh2 b4 27. Qf3 Be5 28. Rd1 Bxg3+ 29. fxg3 Re5 30. Qf6 Qe6 31. Qh8+ Kb7 32. a6+ Kxa6 33. Qa8 Re1 34. Rxe1 Qxe1 35. Qc6+ Ka5 36. Qc7+ Ka6 37. Qc6+ Ka5 38. Qc7+ Ka6 1/2-1/2

[Event "34th European Club Cup 2018"]
[Site "Halkidiki"]
[Date "2018.10.12"]
[Round "1"]
[White "Boidman, Yuri"]
[Black "Sokolov, Ivan"]
[Result "0-1"]
[WhiteElo "2358"]
[BlackElo "2573"]
[Annotator "TA"]
[PlyCount "67"]
[EventDate "2018.10.12"]
[EventType "team-tourn"]
[EventCountry "GRE"]
[SourceTitle "playchess.com"]
[Source "ChessBase"]
[SourceQuality "1"]
[WhiteTeam "Wirtzfeld"]
[BlackTeam "KGSRL"]

1. e4 e5 2. Nf3 Nc6 3. Bb5 a6 4. Ba4 Nf6 5. O-O Be7 6. Bxc6 dxc6 7. d3 Nd7 8. Nbd2 f6 9. Nc4 Nc5 10. Nh4 g6 11. f4 exf4 12. Bxf4 Be6 13. e5 Qd4+ 14. Kh1 f5 15. Bg3 Bxc4 16. dxc4 Qxc4 17. b3 Qe6 18. Nf3 Rd8 19. Qc1 Ne4 20. Qh6 Bf8 21. Qe3 Bc5 22. Qh6 Kd7 23. Bh4 Rde8 24. b4 Bxb4 25. Rab1 Bf8 26. Qe3 Bc5 27. Qd3+ Kc8 28. Rfd1 h6 29. Nd4 Bxd4 30. Qxd4 c5 31. Qa4 Nc3 32. Qa5 Nxd1 33. Rxd1 Qxe5 34. Be1 0-1